| 000 | 01130nam a2200349 c 4500 | ||
|---|---|---|---|
| 001 | 53466 | ||
| 003 | ES-MaCES | ||
| 005 | 20250203133124.0 | ||
| 008 | 241209s2024 sp f ||| | spa d | ||
| 017 |
_aM 17598-2024 _bDL |
||
| 020 | _a9788430990597 | ||
| 040 |
_aES-MaCES _bspa _cES-MaCES |
||
| 245 | 0 | 0 |
_aCurso de Derecho tributario _pParte especial _cFernando Pérez Royo (dir.) ; [autores], Fernando Pérez Royo ... [et al.] |
| 250 | _a18ª ed | ||
| 260 |
_aMadrid _bTecnos _c2024 |
||
| 300 |
_a1238 p. _c24 cm |
||
| 504 | _aBibliografía | ||
| 541 | _cCompra | ||
| 650 | 4 |
_aEspaña _926964 |
|
| 650 | 4 |
_aderecho financiero _930891 |
|
| 650 | 4 |
_asistema tributario _928092 |
|
| 650 | 4 |
_areforma tributaria _928091 |
|
| 650 | 4 |
_atributación _928093 |
|
| 650 | 4 |
_arecaudación de impuestos _928087 |
|
| 650 | 4 |
_apresupuesto nacional _928073 |
|
| 650 | 4 |
_928086 _aimpuesto |
|
| 653 | 1 | 0 | _aDerecho financiero y tributario |
| 700 | 1 |
_aPérez Royo, Fernando _920836 _edir. y aut. |
|
| 775 | 0 |
_tCurso de Derecho tributario Parte especial _w(ES-MaCES)52950 |
|
| 902 | _aLIB Libro | ||
| 942 |
_2CES _cBK _h6.0.10. |
||
| 999 |
_c53466 _d53466 |
||